000 00447nam a2200181Ia 4500
001 8823
005 20260306160638.0
008 260306t2005||||xx |||||||||||||| ||spa||
041 _aESP
082 _a371.399
_bA32
100 _aAguera Espejo-Saavedra, Isabel
_eAUT
245 0 _aCuentos y escenificaciones para primaria
260 _c2005
300 _a176 páginas :
_c24 cm.
650 _aGEN
654 _aCED
942 _cLIB
_dJUS
_fJUS
_2ddc
_n
999 _c8823
_d8823